Somerset Places - Sudden Death - Statistics

General Stats
  • This quiz has been taken 88 times
  • The average score is 11 of 16
Answers on the Grid
Answers color-coded by a green-red scale on the quiz's grid according to % correct below.
Barrow-in-Furness
Bath
Bournemouth
Bridgwater
Burnham-on-Sea
Cromer
Darlington
Folkestone
Frome
Glastonbury
Harwich
Ilfracombe
Keynsham
Kidderminster
Loughborough
Lyme Regis
Midsomer Norton
Minehead
Nuneaton
Penzance
Portishead
Scarborough
Shepton Mallet
Stratford-upon-Avon
Street
Taunton
Torquay
Towcester
Wellington
Wells
Weston-super-Mare
Yeovil
 
Answer Stats
Answer % Correct
Taunton
82%
Yeovil
80%
Wells
78%
Glastonbury
76%
Weston-super-Mare
76%
Frome
75%
Shepton Mallet
75%
Bridgwater
71%
Bath
69%
Street
65%
Midsomer Norton
63%
Minehead
63%
Burnham-on-Sea
57%
Portishead
55%
Keynsham
53%
Wellington
53%
No matching quizzes found
Score Distribution
Percent of People with Each Score
Percentile by Number Answered
Your Score History
You have not taken this quiz